Acesso ̉justiȧ e prt̀icas processuais

Detalles Bibliográficos
Autor principal: Shřida Ferraz, Leslie
Formato: eBook
Lenguaje:portugués
Publicado: Rio de Janeiro : FGV - Direito Rio, 2010
Materias:
Acceso en línea:Acceso restringido

MARC

LEADER 00000nam a22000007a 4500
005 20180313104941.0
007 cr|||| ||||
008 180313s2010 br |||||s|||| 00||0 por d
020 |a 978-85-6325-01-2 
035 |a 11133 
040 |a vLex 
090 |c 7462  |d 7462 
100 1 |a Shřida Ferraz, Leslie 
245 1 0 |a Acesso ̉justiȧ e prt̀icas processuais  |h [Recurso electrn̤ico] /  |c Leslie Shřida Ferraz 
256 |a Servicio en ln̕ea 
260 |a Rio de Janeiro :  |b FGV - Direito Rio,  |c 2010 
300 |a 1 recurso electrn̤ico 
500 |a Decisô monocrt̀ica e agravo interno: celeridade ou entrave processual? A Justiȧ no Estado do Rio de Janeiro 
506 1 |a Disponible solo en los productos indicados  |d vLex Global  |d vLex Global (Academic Edition, excluding Law Schools)  |d vLex Global (U.S. Academic Edition, Law Schools)  |d vLex Global (U.S. Academic Edition, excluding Law Schools)  |d vLex Global (Academic Edition, Law Schools) 
650 0 4 |a Derecho procesal  |z Brasil 
740 0 |a vLex Libros (Servicio en ln̕ea) 
856 4 0 |u http://vlex.com/source/11133  |z Acceso restringido 
942 |c BOOK 
999 0 |a Procedure (Law)